000 01189nam a2200265Ia 4500
003 OSt
005 20221005105730.0
006 a|||||r|||| 00| 0
007 ta
008 221004b |||||||| |||| 00| 0 hin d
020 _a9788174533913 (hbk)
_c1000
024 _a9768
037 _b566, 06/03/2014, Swaraj Prakashan
_cTextual
040 _aCRL
_cCRL
_bhin
041 _2hin
_ahin
082 _aV243Hy7N18, 152Q2
100 _aशर्मा, भारती
245 0 _aस्मृतियों के आइने में पंडित भगवतदयाल शर्मा
_b हरियाणा के प्रथम स्वप्नदर्शी मुख्यमंत्री
246 _aSmṛutiyoan ke āine mean panḍit bhagavatadayāl sharmā: hariyāṇā ke pratham svapnadarshī mukhyamantrī
260 _aनई दिल्ली
_bसंजय प्रकाशन भारत
_c2012
300 _a252पृ0
_ccm.
650 _aविश्व-इतिहास
942 _hV243Hy7N18, 152Q2
_cTEXL
_2cc
999 _c1016739
_d1016739